[Event "NAYCC U10 w"]
[Site "Montreal CAN"]
[Date "2010.08.19"]
[Round "7"]
[White "Lu, Jasmine"]
[Black "Nazarov, Stephanie"]
[Result "0-1"]
[WhiteElo "650"]
[BlackElo "979"]
[PlyCount "68"]
[EventDate "2010.08.16"]
[EventType "swiss"]
[EventRounds "7"]
[EventCountry "CAN"]

1. e4 e5 2. Nf3 Nc6 3. Bc4 Nf6 4. d3 Bc5 5. Be3 Bxe3 6. fxe3 d6 7. O-O Bg4 8.
h3 Bh5 9. Nc3 O-O 10. d4 exd4 11. exd4 Re8 12. Qd3 Bg6 13. Rfe1 Re7 14. Nh4 Nb4
15. Qe2 Bh5 16. Qd2 d5 17. Nf5 dxc4 18. Qg5 Bg6 19. e5 h6 20. Qg3 Bxf5 21. exf6
Rxe1+ 22. Rxe1 Bg6 23. Re7 Qxd4+ 24. Kh1 Qxf6 25. Qxc7 Kf8 26. Rd7 Re8 27. Nb5
Re7 28. Qc5 Nc6 29. Rc7 Kg8 30. Rc8+ Kh7 31. Qd5 Re1+ 32. Kh2 Qf4+ 33. g3 Re2+
34. Kh1 Qf1# 0-1

[Event "NAYCC U10 w"]
[Site "Montreal CAN"]
[Date "2010.08.19"]
[Round "7"]
[White "Palakollu, Samritha"]
[Black "Zhao, Jiayun"]
[Result "1-0"]
[WhiteElo "1500"]
[BlackElo "1131"]
[PlyCount "113"]
[EventDate "2010.08.16"]
[EventType "swiss"]
[EventRounds "7"]
[EventCountry "CAN"]

1. e4 e5 2. Nf3 Nc6 3. Bc4 Be7 4. d3 Nf6 5. O-O O-O 6. Nc3 h6 7. Bb5 a6 8. Bxc6
dxc6 9. Nxe5 Bd6 10. Nf3 Bg4 11. Re1 Re8 12. h3 Bh5 13. g4 Bg6 14. e5 Bxe5 15.
Nxe5 Bh7 16. Nc4 Rxe1+ 17. Qxe1 b5 18. Ne3 Qd6 19. Bd2 Nd7 20. Ng2 Ne5 21. Qe3
Qf6 22. Kh1 Qd6 23. Re1 Nd7 24. Qe7 Qxe7 25. Rxe7 Nc5 26. Rxc7 b4 27. Ne2 Bg6
28. Rxc6 Ne6 29. Ngf4 Nxf4 30. Nxf4 Bh7 31. Bxb4 g5 32. Nd5 a5 33. Bc3 Bg6 34.
Ne7+ Kh7 35. Nxg6 fxg6 36. a4 h5 37. gxh5 gxh5 38. Rc5 Kg6 39. Rxa5 Rf8 40.
Ra6+ Kh7 41. Ra7+ Kg6 42. Rg7+ Kf5 43. a5 Ra8 44. b4 Rc8 45. Bd4 Rxc2 46. a6
Ra2 47. a7 Ke6 48. Rg8 Kd5 49. a8=Q+ Rxa8 50. Rxa8 Kxd4 51. Rc8 Ke5 52. b5 Kf4
53. b6 Kf3 54. b7 Ke2 55. b8=Q Ke1 56. Qb2 g4 57. Rc1# 1-0

[Event "NAYCC U10 w"]
[Site "Montreal CAN"]
[Date "2010.08.19"]
[Round "7"]
[White "Yu, Cindy"]
[Black "Provine, Shayna"]
[Result "0-1"]
[WhiteElo "970"]
[BlackElo "1449"]
[PlyCount "86"]
[EventDate "2010.08.16"]
[EventType "swiss"]
[EventRounds "7"]
[EventCountry "CAN"]

1. e4 c5 2. Nf3 d6 3. d4 cxd4 4. Nxd4 Nf6 5. Nc3 a6 6. Bg5 e6 7. f4 h6 8. Bh4
Be7 9. Qf3 O-O 10. O-O-O Qc7 11. g4 Nxe4 12. Bxe7 Nxc3 13. Bxf8 Nxd1 14. Bxg7
Nxb2 15. Bxh6 Na4 16. Qb3 Nc3 17. Bc4 b5 18. Qxc3 Qxc4 19. Qb2 Qd5 20. Rd1 e5
21. Nf5 Qc5 22. Nxd6 Qe3+ 23. Kb1 Bxg4 24. Rc1 Nd7 25. Qb3 Qxb3+ 26. cxb3 exf4
27. Rg1 Kh7 28. Bxf4 Be6 29. h4 Rg8 30. Rxg8 Kxg8 31. h5 Nf6 32. h6 Kh7 33. Be3
Ng4 34. Bc1 Nxh6 35. Ne8 Nf5 36. Nc7 Bc8 37. Kb2 Ne7 38. Ka3 Nc6 39. Kb2 f5 40.
Kc3 Kg6 41. Kd3 Nb4+ 42. Kd4 Nxa2 43. Ke5 Nxc1 0-1

[Event "NAYCC U12"]
[Site "Montreal CAN"]
[Date "2010.08.16"]
[Round "1"]
[White "Baki, Shaumik"]
[Black "Williams, Justus"]
[Result "0-1"]
[WhiteElo "1210"]
[BlackElo "2167"]
[PlyCount "52"]
[EventDate "2010.08.16"]
[EventType "swiss"]
[EventRounds "7"]
[EventCountry "CAN"]

1. e4 c5 2. Nc3 e6 3. g3 Nc6 4. Bg2 a6 5. d3 Nf6 6. f4 d5 7. exd5 exd5 8. Nge2
Bf5 9. O-O Be7 10. Bd2 Rc8 11. a4 O-O 12. Be1 Re8 13. Bf2 Bf8 14. d4 Ng4 15.
Nxd5 Nxf2 16. Rxf2 cxd4 17. c3 dxc3 18. Nexc3 Bc5 19. Qb3 Bxf2+ 20. Kxf2 Nd4
21. Qxb7 Rb8 22. Qa7 Rxb2+ 23. Kf1 Bd3+ 24. Kg1 Ne2+ 25. Kh1 Nxc3 26. Nxc3 Rc2
0-1

[Event "NAYCC U12"]
[Site "Montreal CAN"]
[Date "2010.08.16"]
[Round "1"]
[White "Berman, Jacob"]
[Black "Duong, Tin-Bryan"]
[Result "1-0"]
[WhiteElo "1634"]
[BlackElo "533"]
[PlyCount "101"]
[EventDate "2010.08.16"]
[EventType "swiss"]
[EventRounds "7"]
[EventCountry "CAN"]

1. d4 d5 2. c4 Be6 3. cxd5 Bxd5 4. Nc3 Nf6 5. f3 e6 6. e4 Bc6 7. Bg5 Be7 8. Bc4
O-O 9. Nge2 Nbd7 10. Bf4 Bb4 11. Qb3 Bxc3+ 12. bxc3 Nh5 13. d5 exd5 14. exd5
Nxf4 15. Nxf4 Nb6 16. dxc6 Nxc4 17. Qxc4 bxc6 18. O-O Qe8 19. Rfe1 Qd8 20. Qxc6
Qf6 21. Qxf6 gxf6 22. Nd5 f5 23. Nxc7 Rac8 24. Re7 Rfd8 25. Rae1 Rb8 26. Re8+
Kg7 27. Rxd8 Rxd8 28. Re8 Rd2 29. Re5 Kf6 30. Ra5 Kg5 31. Rxa7 Kf4 32. Ra5 Ke3
33. Re5+ Kd3 34. Rd5+ Ke2 35. Rxd2+ Kxd2 36. a4 Kxc3 37. a5 Kb4 38. a6 Kc5 39.
a7 Kc6 40. a8=Q+ Kxc7 41. Kf2 h5 42. Ke3 h4 43. Kd4 Kd6 44. Qa6+ Ke7 45. Ke5 h3
46. gxh3 Kd7 47. Qb7+ Ke8 48. Kf6 Kd8 49. Kxf7 f4 50. Ke6 Ke8 51. Qa8# 1-0

[Event "NAYCC U12"]
[Site "Montreal CAN"]
[Date "2010.08.16"]
[Round "1"]
[White "Colas, Joshua"]
[Black "Luo, Tony"]
[Result "1-0"]
[WhiteElo "2087"]
[BlackElo "1169"]
[PlyCount "89"]
[EventDate "2010.08.16"]
[EventType "swiss"]
[EventRounds "7"]
[EventCountry "CAN"]

1. e4 c5 2. Nf3 d6 3. d4 cxd4 4. Nxd4 Nf6 5. Nc3 g6 6. h3 Bg7 7. Be3 O-O 8. Bd3
Nc6 9. O-O Bd7 10. Nb3 e5 11. Bg5 Be6 12. Nd5 Bxd5 13. exd5 Nb4 14. Be4 Rc8 15.
c3 Na6 16. Bd3 Qb6 17. Be3 Qc7 18. Bxa6 bxa6 19. Qd3 Qb7 20. c4 Qc7 21. Rac1
Nd7 22. c5 dxc5 23. Nxc5 Nxc5 24. Bxc5 Rfd8 25. Qxa6 Qd7 26. d6 Bh6 27. Rc2 Rc6
28. Qe2 Qc8 29. b4 Rdxd6 30. Qxe5 Re6 31. Qg3 a5 32. a3 Re4 33. Qd3 Re8 34. Qb5
axb4 35. axb4 Bf8 36. Rfc1 Qc7 37. Rc3 Bh6 38. Be3 Rxc3 39. Qxe8+ Bf8 40. Rxc3
Qxc3 41. Bc5 Qc1+ 42. Kh2 Qh6 43. b5 Qg7 44. Qxf8+ Qxf8 45. Bxf8 1-0

[Event "NAYCC U12"]
[Site "Montreal CAN"]
[Date "2010.08.16"]
[Round "1"]
[White "Cormier, Jonathan"]
[Black "Sowa, Aidan"]
[Result "1-0"]
[WhiteElo "929"]
[BlackElo "1136"]
[PlyCount "61"]
[EventDate "2010.08.16"]
[EventType "swiss"]
[EventRounds "7"]
[EventCountry "CAN"]

1. e4 Nf6 2. Nc3 Nc6 3. d4 d5 4. e5 Ne4 5. f3 Nxc3 6. bxc3 Bf5 7. g4 Bg6 8. Ne2
e6 9. Be3 Be7 10. Bf2 O-O 11. h4 h6 12. Nf4 Bh7 13. Bd3 Qd7 14. Bxh7+ Kxh7 15.
Qd3+ Kg8 16. g5 f5 17. gxf6 Ba3 18. Rg1 Rf7 19. Nh5 Bf8 20. Be3 Kh8 21. Kd2 Na5
22. Ke2 Nc4 23. Bf4 Nb2 24. Qg6 Qb5+ 25. Kd2 Nd3 26. cxd3 Qd7 27. Bxh6 Rb8 28.
fxg7+ Bxg7 29. Bxg7+ Rxg7 30. Nxg7 Rg8 31. Qh6# 1-0

[Event "NAYCC U12"]
[Site "Montreal CAN"]
[Date "2010.08.16"]
[Round "1"]
[White "Gao, Ying Chen"]
[Black "Chen, Michael"]
[Result "0-1"]
[WhiteElo "1222"]
[BlackElo "2015"]
[PlyCount "70"]
[EventDate "2010.08.16"]
[EventType "swiss"]
[EventRounds "7"]
[EventCountry "CAN"]

1. e4 e5 2. Nf3 Nc6 3. Bc4 Bc5 4. Nc3 Nf6 5. d3 h6 6. h3 O-O 7. O-O d6 8. Re1
Be6 9. Bb3 Qd7 10. Be3 Nd4 11. Bxd4 Bxd4 12. Nxd4 exd4 13. Nd5 Nh7 14. Nf4 Bxb3
15. axb3 f5 16. Qd2 fxe4 17. Rxe4 Ng5 18. Rxd4 c5 19. Rda4 b5 20. Ra6 Qf7 21.
g3 Nf3+ 22. Kf1 Nxd2+ 23. Ke2 g5 24. Kxd2 gxf4 25. g4 f3 26. Rxd6 Qf4+ 27. Ke1
Rfe8+ 28. Kf1 Qxd6 29. Kg1 Re2 30. c4 Qd4 31. Rf1 Rae8 32. b4 Rxf2 33. bxc5
Ree2 34. c6 Rh2+ 35. Rf2 Qxf2# 0-1

[Event "NAYCC U12"]
[Site "Montreal CAN"]
[Date "2010.08.16"]
[Round "1"]
[White "Graif, William"]
[Black "Boudreault, Laurent"]
[Result "1-0"]
[WhiteElo "1903"]
[BlackElo "698"]
[PlyCount "43"]
[EventDate "2010.08.16"]
[EventType "swiss"]
[EventRounds "7"]
[EventCountry "CAN"]

1. e4 e5 2. Nf3 Nc6 3. d4 Bd6 4. Bb5 f6 5. Bxc6 dxc6 6. dxe5 fxe5 7. Nxe5 Be7
8. Qh5+ g6 9. Nxg6 Nf6 10. Qh4 Rg8 11. Nxe7 Qxe7 12. O-O Rg4 13. Qh6 Rxe4 14.
Bg5 Re1 15. Bxf6 Qe2 16. Nd2 Qxd2 17. Qxd2 Re6 18. Qd8+ Kf7 19. Bg5 Re8 20.
Qf6+ Kg8 21. Bh6 Re7 22. Qf8# 1-0

[Event "NAYCC U12"]
[Site "Montreal CAN"]
[Date "2010.08.16"]
[Round "1"]
[White "Harris, Gabriel"]
[Black "Chen, Peter"]
[Result "0-1"]
[WhiteElo "1077"]
[BlackElo "1872"]
[PlyCount "80"]
[EventDate "2010.08.16"]
[EventType "swiss"]
[EventRounds "7"]
[EventCountry "CAN"]

1. Nf3 Nf6 2. g3 e6 3. Bg2 Be7 4. O-O O-O 5. Re1 d5 6. d3 c5 7. b3 Nc6 8. Ba3
b6 9. e4 dxe4 10. dxe4 Qxd1 11. Rxd1 Nxe4 12. Ne5 Nxe5 13. Bxe4 Rb8 14. Nc3 b5
15. Bb2 Bf6 16. f4 Ng6 17. Rab1 Bd4+ 18. Kg2 Bb7 19. Rd2 Bxc3 20. Bxc3 Bxe4+
21. Kf2 Rfd8 22. Re2 f5 23. Ba5 Rd7 24. Rc1 b4 25. c4 Ne7 26. Ke3 Nc6 27. Rd2
Rxd2 28. Kxd2 Nxa5 29. Ke3 Rd8 30. a3 Rd3+ 31. Ke2 Nxb3 32. Rg1 bxa3 33. h4 a2
34. g4 Nd4+ 35. Kf2 Rf3+ 36. Kg2 Rb3+ 37. Kf2 Rb1 38. gxf5 Rxg1 39. h5 Rg2+ 40.
Ke3 Re2# 0-1

[Event "NAYCC U12"]
[Site "Montreal CAN"]
[Date "2010.08.16"]
[Round "1"]
[White "Kubrynski, Simon"]
[Black "Lim, Michael"]
[Result "0-1"]
[WhiteElo "762"]
[BlackElo "1966"]
[PlyCount "49"]
[EventDate "2010.08.16"]
[EventType "swiss"]
[EventRounds "7"]
[EventCountry "CAN"]

1. e4 e5 2. Nf3 Nc6 3. Bb5 a6 4. Bxc6 dxc6 5. d3 Bd6 6. b3 Bg4 7. h3 Bh5 8. Bb2
f6 9. Nc3 Ne7 10. g4 Bf7 11. Qe2 Ng6 12. O-O-O Nf4 13. Qd2 Qe7 14. Kb1 O-O-O
15. Nh4 g6 16. Rde1 Bb4 17. Qc1 Bc5 18. Ref1 Rhf8 19. Na4 Bb6 20. d4 exd4 21.
Bxd4 f5 22. exf5 Qxh4 23. Bc5 Nd5 24. Bxf8 gxf5 25. gxf5 0-1

[Event "NAYCC U12"]
[Site "Montreal CAN"]
[Date "2010.08.16"]
[Round "1"]
[White "Kuttner, Simon"]
[Black "Ponomarev, Alexander"]
[Result "1-0"]
[WhiteElo "1326"]
[BlackElo "911"]
[PlyCount "107"]
[EventDate "2010.08.16"]
[EventType "swiss"]
[EventRounds "7"]
[EventCountry "CAN"]

1. e4 c5 2. Nf3 d6 3. d4 cxd4 4. Nxd4 Nf6 5. Nc3 g6 6. Be3 Bg7 7. Bc4 O-O 8. f3
Nc6 9. Qd2 Re8 10. O-O Bd7 11. Rad1 Rc8 12. Bb3 Ne5 13. Bh6 Bh8 14. Nd5 Nxd5
15. Bxd5 Bc6 16. Bb3 Bd7 17. c3 Qb6 18. Be3 Qc7 19. Rfe1 b5 20. Rc1 Qa5 21. Rc2
Rc7 22. Rec1 Rec8 23. Ne2 Nc4 24. Bxc4 bxc4 25. Ra1 f5 26. Qd5+ Qxd5 27. exd5
Re8 28. Rac1 e5 29. dxe6 Rxe6 30. Bd4 Ba4 31. Rd2 Rce7 32. Kf2 Bb5 33. Bxh8
Kxh8 34. Nd4 Re5 35. Nxb5 Rxb5 36. Rcc2 Rb6 37. Rd4 Rc6 38. Rcd2 Re6 39. Rd5
Kg7 40. Ra5 a6 41. Ra4 Kf6 42. Rd4 Rb6 43. Rb4 Rxb4 44. cxb4 h5 45. Rxc4 d5 46.
Rc5 Ke5 47. Ke3 f4+ 48. Kd3 Kd6 49. Kd2 g5 50. Ra5 Ke7 51. Rxd5 Rd6 52. Rxd6
Kxd6 53. Kd3 Kd5 54. a4 1-0

[Event "NAYCC U12"]
[Site "Montreal CAN"]
[Date "2010.08.16"]
[Round "1"]
[White "Lim, Victor"]
[Black "Zhu, Hong Rui"]
[Result "0-1"]
[WhiteElo "1110"]
[BlackElo "1706"]
[PlyCount "66"]
[EventDate "2010.08.16"]
[EventType "swiss"]
[EventRounds "7"]
[EventCountry "CAN"]

1. e4 c5 2. Nf3 d6 3. d4 cxd4 4. Nxd4 Nf6 5. Nc3 g6 6. f3 Bg7 7. Be3 Nc6 8. Bc4
Qb6 9. Nf5 Qxb2 10. Nxg7+ Kf8 11. Nd5 Nxd5 12. Bxd5 Kxg7 13. Bxc6 Qc3+ 14. Bd2
Qxc6 15. O-O Be6 16. Qe1 Rhc8 17. f4 f6 18. Qe3 Qc5 19. f5 Bf7 20. Kh1 Qxe3 21.
Bxe3 Rxc2 22. fxg6 Bxg6 23. Rac1 Rac8 24. Rb1 b6 25. a4 Bxe4 26. Rfe1 Bxg2+ 27.
Kg1 Kf7 28. Rbd1 Bf3 29. Rd3 Rg8+ 30. Kf1 Bg2+ 31. Kg1 Be4+ 32. Kf1 Bxd3+ 33.
Re2 Rxe2 0-1

[Event "NAYCC U12"]
[Site "Montreal CAN"]
[Date "2010.08.16"]
[Round "1"]
[White "Liu, Yu Qing"]
[Black "Song, Michael"]
[Result "0-1"]
[WhiteElo "1113"]
[BlackElo "1543"]
[PlyCount "78"]
[EventDate "2010.08.16"]
[EventType "swiss"]
[EventRounds "7"]
[EventCountry "CAN"]

1. e4 c5 2. Nf3 Nc6 3. d4 cxd4 4. Nxd4 g6 5. Nc3 Bg7 6. Be3 Nf6 7. f3 O-O 8.
Bc4 Ne5 9. Bb3 d6 10. Qd2 Bd7 11. O-O-O Qa5 12. h4 h5 13. Nd5 Qxd2+ 14. Rxd2
Nxd5 15. Bxd5 Bc6 16. Bxc6 bxc6 17. Bf4 Nc4 18. Rdd1 e5 19. Nxc6 exf4 20. b3
Ne3 21. Rxd6 Nxg2 22. Rh2 Ne3 23. Ne7+ Kh7 24. Nd5 Nxd5 25. exd5 Rfe8 26. c4
Re1+ 27. Kd2 Ra1 28. Kd3 Re8 29. c5 Re3+ 30. Kc4 Rxf3 31. Kb5 Rd3 32. c6 Be5
33. Rd7 f3 34. Rf2 Kg7 35. Rc2 Rad1 36. c7 Bxc7 37. Rdxc7 Rxd5+ 38. Ka6 R5d2
39. Rc1 f2 0-1

[Event "NAYCC U12"]
[Site "Montreal CAN"]
[Date "2010.08.16"]
[Round "1"]
[White "Lusterio-Adler, Ben"]
[Black "Li, Yinshi"]
[Result "0-1"]
[WhiteElo "436"]
[BlackElo "1452"]
[PlyCount "62"]
[EventDate "2010.08.16"]
[EventType "swiss"]
[EventRounds "7"]
[EventCountry "CAN"]

1. e4 e6 2. Bb5 c6 3. Ba4 d5 4. Nc3 Bc5 5. Nh3 Ne7 6. b3 b5 7. Bb2 Bd4 8. Ne2
Bxb2 9. Rb1 Bf6 10. O-O O-O 11. Ng3 g6 12. Qe2 bxa4 13. bxa4 Nd7 14. Qe3 dxe4
15. Nxe4 Bg7 16. Qf4 Nb6 17. Qh4 Nf5 18. Nhg5 Nxh4 19. g3 Nf5 20. g4 Nd6 21.
Rb3 Nxe4 22. Nxe4 Qd5 23. Re1 Ba6 24. Nc3 Qxd2 25. Rd1 Qxc3 26. Rxc3 Bxc3 27.
Rb1 Rfd8 28. Rb3 Nxa4 29. Ra3 c5 30. Rxa4 Bb7 31. Rc4 Rd1# 0-1

[Event "NAYCC U12"]
[Site "Montreal CAN"]
[Date "2010.08.16"]
[Round "1"]
[White "McCleary, Reuben"]
[Black "Sanchez, Edgar"]
[Result "1-0"]
[WhiteElo "1166"]
[BlackElo "1087"]
[PlyCount "65"]
[EventDate "2010.08.16"]
[EventType "swiss"]
[EventRounds "7"]
[EventCountry "CAN"]

1. d4 Nf6 2. Nf3 g6 3. Bf4 Bg7 4. e3 d6 5. Bd3 Bg4 6. Nbd2 Nbd7 7. h3 Bxf3 8.
Nxf3 c5 9. c3 b6 10. e4 O-O 11. e5 Nh5 12. Bh2 Bh8 13. exd6 cxd4 14. cxd4 Re8
15. O-O Nf8 16. Bb5 Nd7 17. Ne5 Bxe5 18. dxe5 a6 19. Bc6 Ra7 20. Rc1 exd6 21.
exd6 Nhf6 22. Re1 h5 23. Rc2 Rxe1+ 24. Qxe1 Nb8 25. Ba4 b5 26. Bb3 Ne8 27. Qe4
Nxd6 28. Qxg6+ Kh8 29. Qxd6 Rd7 30. Qh6+ Kg8 31. Be5 Rd1+ 32. Kh2 Qf8 33. Qh8#
1-0

[Event "NAYCC U12"]
[Site "Montreal CAN"]
[Date "2010.08.16"]
[Round "1"]
[White "Radzetzky, Laurent"]
[Black "Shi, Diwen"]
[Result "0-1"]
[WhiteElo "955"]
[BlackElo "1577"]
[PlyCount "80"]
[EventDate "2010.08.16"]
[EventType "swiss"]
[EventRounds "7"]
[EventCountry "CAN"]

1. e4 Nf6 2. Nc3 e5 3. Nf3 Nc6 4. Bc4 Bc5 5. Ng5 O-O 6. a3 d6 7. Bxf7+ Rxf7 8.
Nxf7 Kxf7 9. d3 Bg4 10. f3 Be6 11. Bg5 h6 12. Bxf6 Qxf6 13. g3 Nd4 14. Rf1 c6
15. f4 Bh3 16. fxe5 Qxf1+ 17. Kd2 Nf3+ 18. Kc1 Be3+ 19. Kb1 Nd2+ 20. Ka2 Be6+
21. b3 Qf2 22. Qe2 Qxe2 23. Nxe2 dxe5 24. Re1 Ke7 25. Nc3 Bd4 26. Nd1 Bg4 27.
c3 Bxd1 28. Rxd1 Bxc3 29. Rc1 Bd4 30. Rc2 Nf3 31. Rg2 Rf8 32. h4 Ne1 33. Re2
Rf1 34. b4 Nxd3 35. Kb3 b5 36. Rc2 Rb1+ 37. Ka2 Ra1+ 38. Kb3 Kd7 39. Rd2 Nc1+
40. Kc2 Ke6 0-1

[Event "NAYCC U12"]
[Site "Montreal CAN"]
[Date "2010.08.16"]
[Round "1"]
[White "Song, Edward"]
[Black "Fay, Zachary"]
[Result "1-0"]
[WhiteElo "1850"]
[BlackElo "969"]
[PlyCount "63"]
[EventDate "2010.08.16"]
[EventType "swiss"]
[EventRounds "7"]
[EventCountry "CAN"]

1. d4 d5 2. c4 c6 3. Nc3 Nf6 4. e3 e6 5. Nf3 Bb4 6. Qc2 Bxc3+ 7. bxc3 Nbd7 8.
Ba3 b6 9. cxd5 Nxd5 10. Bd3 g6 11. O-O c5 12. c4 N5f6 13. Rfd1 Bb7 14. Be2 Ne4
15. dxc5 Nexc5 16. Bxc5 bxc5 17. Qb2 Qf6 18. Qxb7 Rd8 19. Qc6 Kf8 20. Rab1 Qf5
21. e4 Ne5 22. Rxd8+ Kg7 23. exf5 Nxc6 24. f6+ Kxf6 25. Rxh8 Kg7 26. Rbb8 Nxb8
27. Rxb8 f6 28. Rb7+ Kh6 29. Rxa7 g5 30. Bd3 f5 31. g4 fxg4 32. Rxh7# 1-0

[Event "NAYCC U12"]
[Site "Montreal CAN"]
[Date "2010.08.16"]
[Round "1"]
[White "Song, Terry"]
[Black "Lagasse, Nicolas"]
[Result "1-0"]
[WhiteElo "939"]
[BlackElo "1059"]
[PlyCount "43"]
[EventDate "2010.08.16"]
[EventType "swiss"]
[EventRounds "7"]
[EventCountry "CAN"]

1. Nf3 Nf6 2. d4 g6 3. Nc3 Bg7 4. e4 d6 5. Be2 O-O 6. h3 e5 7. dxe5 dxe5 8. Be3
Nc6 9. O-O Be6 10. Qc1 Qe7 11. Bb5 Na5 12. Nxe5 Nxe4 13. Nxe4 Bxe5 14. Bc5 Bd6
15. Nxd6 cxd6 16. Ba3 a6 17. Bd3 Qc7 18. b3 Nc6 19. Qf4 Rfd8 20. Rfe1 Rac8 21.
Bb2 Re8 22. Bf6 1-0

[Event "NAYCC U12"]
[Site "Montreal CAN"]
[Date "2010.08.16"]
[Round "2"]
[White "Baki, Shaumik"]
[Black "Cormier, Jonathan"]
[Result "1-0"]
[WhiteElo "1210"]
[BlackElo "929"]
[PlyCount "91"]
[EventDate "2010.08.16"]
[EventType "swiss"]
[EventRounds "7"]
[EventCountry "CAN"]

1. e4 e5 2. Nf3 Nc6 3. Bc4 b6 4. d3 Be7 5. O-O h6 6. Bd5 Bb7 7. Bxc6 Bxc6 8.
Nxe5 Bb7 9. Nf3 Bg5 10. Bxg5 hxg5 11. g3 Qe7 12. Re1 O-O-O 13. Nc3 g4 14. Nh4
Qe6 15. f3 gxf3 16. Nxf3 Ne7 17. Qe2 Ng6 18. Rf1 Rdf8 19. Rae1 Ne5 20. Nxe5
Qxe5 21. Qf2 g6 22. Qf4 Qc5+ 23. Qe3 Qa5 24. Qd4 Qh5 25. Rf2 f5 26. Ref1 Rh7
27. Qc4 Kb8 28. Qd4 Bc8 29. Qe3 fxe4 30. Nxe4 Rhh8 31. Qe2 Rxf2 32. Qxf2 d5 33.
Nf6 Qh6 34. Nxd5 Bh3 35. Re1 Rf8 36. Qe2 Ka8 37. Nxc7+ Kb8 38. Nb5 Rf7 39. Qe8+
Kb7 40. Qxf7+ Ka6 41. Qxa7+ Kxb5 42. Re5+ Kc6 43. Qa8+ Kd6 44. Qd5+ Kc7 45.
Re7+ Kb8 46. Qb7# 1-0

[Event "NAYCC U12"]
[Site "Montreal CAN"]
[Date "2010.08.16"]
[Round "2"]
[White "Boudreault, Laurent"]
[Black "Lusterio-Adler, Ben"]
[Result "0-1"]
[WhiteElo "1124"]
[BlackElo "436"]
[PlyCount "64"]
[EventDate "2010.08.16"]
[EventType "swiss"]
[EventRounds "7"]
[EventCountry "CAN"]

1. e4 e5 2. Nf3 Nc6 3. Nc3 b6 4. d4 g6 5. Be3 Bg7 6. Bd3 Nf6 7. O-O Ng4 8. Bc4
O-O 9. Bg5 Ne7 10. Bd5 c6 11. Bc4 exd4 12. Nxd4 Be5 13. Qxg4 d5 14. exd5 Bxg4
15. Nde2 Qd6 16. Bh6 Bxh2+ 17. Kh1 Rfd8 18. Bf4 Bxf4 19. Nxf4 Qxf4 20. b3 Qh6+
21. Kg1 Bf3 22. Rfe1 Qg5 23. Bf1 cxd5 24. Nb5 Nf5 25. Re5 Rdc8 26. Nd4 f6 27.
Ne6 Qg4 28. Ree1 Nh4 29. Nf4 Qxf4 30. g3 Qg4 31. Be2 Qh3 32. Bxf3 Nxf3# 0-1

[Event "NAYCC U12"]
[Site "Montreal CAN"]
[Date "2010.08.16"]
[Round "2"]
[White "Budaghyan, David"]
[Black "Song, Terry"]
[Result "0-1"]
[WhiteElo "877"]
[BlackElo "939"]
[PlyCount "138"]
[EventDate "2010.08.16"]
[EventType "swiss"]
[EventRounds "7"]
[EventCountry "CAN"]

1. c4 Nf6 2. Nc3 e6 3. g3 d5 4. cxd5 exd5 5. e3 Bd6 6. Bg2 c6 7. Nf3 O-O 8. O-O
Bf5 9. d3 Re8 10. Re1 Bc7 11. b3 Nbd7 12. Bb2 Nc5 13. Bf1 Qd7 14. b4 Ne6 15.
Ne2 Qe7 16. Nh4 Bg6 17. Nxg6 hxg6 18. a3 a5 19. Bc3 axb4 20. Bxb4 c5 21. Bc3 c4
22. dxc4 dxc4 23. Bb4 Qd7 24. Qxd7 Nxd7 25. Bg2 Rab8 26. Red1 Ndc5 27. Nc3 Nd3
28. Nb5 Red8 29. Nxc7 Nxc7 30. Bc3 Nb5 31. Ba5 b6 32. Be1 Nxe1 33. Rxe1 Rd2 34.
a4 Nc3 35. Bf1 Rc8 36. a5 b5 37. a6 Ra8 38. a7 Ra2 39. Rxa2 Nxa2 40. Rb1 Rxa7
41. Rxb5 Rc7 42. Rb2 c3 43. Rxa2 c2 44. Rxc2 Rxc2 45. Kg2 g5 46. Bd3 Rd2 47.
Bc4 Kf8 48. Kf3 g4+ 49. Kxg4 Rxf2 50. h4 Ke7 51. e4 Kf6 52. h5 Ke5 53. Bd5 f5+
54. Kg5 fxe4 55. Bb7 Rf6 56. Bxe4 Kxe4 57. g4 Ra6 58. Kh4 Kf4 59. g5 Ra2 60.
Kh3 Kxg5 61. Kg3 Kxh5 62. Kf4 g5+ 63. Kg3 Ra7 64. Kh3 g4+ 65. Kg3 Kg5 66. Kh2
Kf4 67. Kg1 Ra2 68. Kh1 Kg3 69. Kg1 Ra1# 0-1

[Event "NAYCC U12"]
[Site "Montreal CAN"]
[Date "2010.08.16"]
[Round "2"]
[White "Chen, Michael"]
[Black "Kuttner, Simon"]
[Result "1-0"]
[WhiteElo "2015"]
[BlackElo "1725"]
[PlyCount "107"]
[EventDate "2010.08.16"]
[EventType "swiss"]
[EventRounds "7"]
[EventCountry "CAN"]

1. e4 c5 2. Nf3 Nc6 3. d4 cxd4 4. Nxd4 g6 5. Nc3 Bg7 6. Be3 Nf6 7. f3 O-O 8.
Qd2 d5 9. Nxc6 bxc6 10. e5 Nd7 11. f4 f6 12. exf6 Nxf6 13. Be2 Bf5 14. O-O Ne4
15. Nxe4 Bxe4 16. c3 Bf5 17. Bf3 Qd7 18. Qe2 Rfe8 19. Rad1 Qc7 20. c4 Qb7 21.
cxd5 Qxb2 22. Qxb2 Bxb2 23. g4 Bc8 24. dxc6 Ba6 25. Rf2 Ba3 26. c7 Rac8 27. Bc6
Rf8 28. Bd5+ Rf7 29. Bxf7+ Kxf7 30. Rc2 Bd6 31. Bxa7 Rxc7 32. Rxd6 Rxa7 33. Rd1
Bb5 34. Ra1 Ra3 35. Kf2 Ke6 36. Re1+ Kf7 37. Re3 Ra4 38. Kg3 Bc4 39. a3 Kf6 40.
g5+ Kf7 41. Rb2 Be6 42. Rb4 Ra5 43. Rbe4 Ra6 44. a4 Rd6 45. a5 Bd7 46. Rxe7+
Kg8 47. a6 Bc6 48. a7 Rd8 49. Rc7 Ba8 50. Rb3 Kf8 51. Rb8 Ke8 52. Rxh7 Bc6 53.
Rh8+ Ke7 54. Rhxd8 1-0

[Event "NAYCC U12"]
[Site "Montreal CAN"]
[Date "2010.08.16"]
[Round "2"]
[White "Chen, Peter"]
[Black "Lim, Matthew"]
[Result "1-0"]
[WhiteElo "1872"]
[BlackElo "1537"]
[PlyCount "143"]
[EventDate "2010.08.16"]
[EventType "swiss"]
[EventRounds "7"]
[EventCountry "CAN"]

1. e4 e5 2. Nf3 Nc6 3. Bb5 a6 4. Ba4 Nf6 5. O-O Be7 6. Re1 b5 7. Bb3 d6 8. d3
Na5 9. Nc3 Nxb3 10. axb3 Bd7 11. d4 exd4 12. Nxd4 c5 13. Nf5 Bxf5 14. exf5 O-O
15. Nxb5 axb5 16. Rxa8 Qxa8 17. Rxe7 Nd5 18. Re1 Rd8 19. Qe2 Nc7 20. Bf4 Qc6
21. Qd3 Nd5 22. Qe4 Qa8 23. Bxd6 c4 24. bxc4 bxc4 25. Bc5 c3 26. b4 h6 27. h3
Qa6 28. Rd1 Qc6 29. Be7 Rd7 30. Bc5 Rd8 31. f6 g6 32. Be7 Rd7 33. Bc5 Rd8 34.
Rd3 Qa8 35. Be7 Rd7 36. Qc4 Qb7 37. Qe4 Qa8 38. Rg3 Qe8 39. Rxg6+ fxg6 40. Qe6+
Qf7 41. Qxd7 Nxf6 42. Qd8+ Kg7 43. Bxf6+ Qxf6 44. Qxf6+ Kxf6 45. Kf1 Ke5 46.
Ke2 Kd4 47. b5 Kc5 48. Kd3 Kxb5 49. Kxc3 Kc5 50. Kd3 Kd5 51. c4+ Kc5 52. f4 h5
53. g4 hxg4 54. hxg4 Kc6 55. f5 gxf5 56. gxf5 Kd6 57. Kd4 Ke7 58. c5 Kf6 59. c6
Kxf5 60. c7 Ke6 61. c8=Q+ Kd6 62. Qc5+ Ke6 63. Qd5+ Kf6 64. Qe5+ Kf7 65. Ke4
Kg6 66. Qf5+ Kg7 67. Qe6 Kf8 68. Kf5 Kg7 69. Qf6+ Kg8 70. Qe7 Kh8 71. Kg6 Kg8
72. Qg7# 1-0

[Event "NAYCC U12"]
[Site "Montreal CAN"]
[Date "2010.08.16"]
[Round "2"]
[White "Duong, Tin-Bryan"]
[Black "Liu, Yu Qing"]
[Result "0-1"]
[WhiteElo "553"]
[BlackElo "1113"]
[PlyCount "62"]
[EventDate "2010.08.16"]
[EventType "swiss"]
[EventRounds "7"]
[EventCountry "CAN"]

1. e4 e5 2. Bc4 Nf6 3. Nc3 Bc5 4. Nf3 Nc6 5. d3 h6 6. O-O d6 7. b3 Bg4 8. Qe1
Bxf3 9. gxf3 Nd4 10. Be3 Nxf3+ 11. Kg2 Nxe1+ 12. Rfxe1 Nh5 13. Bxc5 Qg5+ 14.
Kf1 Nf4 15. Bb5+ c6 16. Bxc6+ bxc6 17. Re2 dxc5 18. Na4 Nxe2 19. Nxc5 Qg1+ 20.
Kxe2 Qxa1 21. Na6 Qxa2 22. Nc7+ Kd7 23. Nxa8 Qxc2+ 24. Ke3 Rxa8 25. f4 exf4+
26. Kxf4 g5+ 27. Kf5 Qc5+ 28. e5 Re8 29. b4 Qxe5+ 30. Kg4 Qf4+ 31. Kh5 Qh4# 0-1

[Event "NAYCC U12"]
[Site "Montreal CAN"]
[Date "2010.08.16"]
[Round "2"]
[White "Fay, Zachary"]
[Black "Gao, Ying Chen"]
[Result "0-1"]
[WhiteElo "969"]
[BlackElo "1222"]
[PlyCount "46"]
[EventDate "2010.08.16"]
[EventType "swiss"]
[EventRounds "7"]
[EventCountry "CAN"]

1. e4 e5 2. Nf3 Nc6 3. Nc3 Nf6 4. Bc4 Bc5 5. Ng5 O-O 6. O-O h6 7. Nf3 d6 8. d3
Bg4 9. h3 Bh5 10. Qe1 Bxf3 11. gxf3 Nd4 12. Qd1 Nh5 13. f4 Nxf4 14. Bxf4 exf4
15. Qg4 f3 16. Nb1 b5 17. Bd5 c6 18. Bb3 Kh8 19. Nd2 f5 20. Qf4 Ne2+ 21. Kh1
Nxf4 22. Rg1 Qh4 23. exf5 Qxh3# 0-1